Matemanía 2: cuadernillo de ejercitación

Saved in:
Bibliografiske detaljer
Main Authors: Puga Matte, Bernardita (Author), Santa Cruz H., Claudia (Author)
Format: Bog
Sprog:spansk
Udgivet: Santiago Universitaria 1996
Fag:
Tags: Tilføj Tag
Ingen Tags, Vær først til at tagge denne postø!

MARC

LEADER 00000nam a2200000 a 4500
001 UCL1912
003 CL-VaPUC
008 030926e19960000CL |||||||||||||||||spa|d
082 0 4 |a 372.7  |b PUG  |2 21 
100 0 |a Puga Matte, Bernardita  |e author  |9 478855 
700 0 |a Santa Cruz H., Claudia  |e author  |9 478856 
245 1 0 |a Matemanía 2: cuadernillo de ejercitación 
300 |a 32 p 
942 |c BK 
945 |d 20030926 00:00:00  |a cmena 
260 |a Santiago  |b Universitaria  |c 1996 
650 0 |a Matemáticas  |x Enseñanza  |9 875527 
650 0 |a Educación básica   |9 224933 
650 0 |a Métodos de enseñanza  |9 270413 
650 0 |a Libros de texto  |9 270019 
583 |a last modification  |c 20030926 00:00:00  |k Rodrigo Vera 
999 |c 305348  |d 305346 
952 |0 0  |1 0  |4 0  |6 372_700000000000000_PUG_1996  |7 0  |8 P  |9 368824  |a BIBEDU  |b BIBEDU  |c BIBEDU_PB  |d 2019-11-21  |i 3942414  |o 372.7 PUG 1996  |p 3942414  |r 2024-01-25  |w 2019-11-21  |y BK  |k EBA